00873nam a22002657a 45000010005000000030006000050050017000110080041000280200018000690400029000870500019001160820011001351000027001462450107001732500035002802600035003153000045003504900016003955050007004115200101004185210018005195210018005376500025005556500027005805889FISKH20250130115112.0250130b cb ||||| |||| 00| 0 eng d a9780531212103 aFISKHbengcFISKHdFISKH aHD6509.C48 G74 a331.88 aGregory, Joshd(1992-) aCesar Chavez :bChavez inspired about 17 million people to boycott grapes in the 1960s /cJosh Gregory aThis edition published in 2015 aNew York :bScholastic,c2015. a48 pages :bcolor illustrations ;c22 cm aA true book aZ  aSee how Cesar Chavez helped improve working conditions and payment for farmworkers in the 1960s.8 a930 bLexile 8 aZ bRaz-Plus  2BiographyaAt school 2HistoryaInformational